Metódy monitoringu vegetácie na ÚEL SAV a niektoré výsledky

Bibliographic Details
Main Authors: Kontriš, Jaroslav, 1940- (Author), Kontrišová, Oľga, 1943- (Author)
Format: Article
Language:Slovak
ISBN:8096729276

MARC

LEADER 00000naa a2200000uu 4500
001 vtls010953314
003 SK-MaSNL
005 20260331100500.0
008 210909|1996 xo |||||||||||||||||slo|
015 |a SNBRA 
035 |a (urnnbn)urn:nbn:sk:snk:ar-a0blic 
035 |a (uuid)ae65d092-249b-488c-8bad-0e703026e579 
035 |a urn:nbn:sk:snk-aaudie 
040 |a SNKBUCL  |b slo  |c SNKBUCL  |e AACR2 
041 0 |a slo 
044 |a xo  |c SK 
100 1 |a Kontriš, Jaroslav,  |d 1940-  |4 aut  |9 1635926 
245 1 0 |a Metódy monitoringu vegetácie na ÚEL SAV a niektoré výsledky  |c Jaroslav Kontriš, Oľga Kontrišová 
700 1 |a Kontrišová, Oľga,  |d 1943-  |4 aut  |9 192645 
773 0 |t Monitorovanie bioty na území Slovenskej republiky  |d Bratislava : Slovenská ekologická spoločnosť pri SAV, 1996  |g S. 107-110  |z 8096729276 
958 |a OND 
958 |a article11 
958 |a chapter 
999 |c 1284921  |d 1286851